000
00306nam a2200133Ia 4500
008
150301s2006 xx 000 0 und d
082
_a
646.7
_b
VIK
100
_a
VIKAS KUMAR
245
_a
FOOD PRODUCTION MANAGEMENT
250
_a
1ST
260
_b
AMAN PUB. DELHI
_c
2006
300
_a
269
942
_2
ddc
_c
BK
999
_c
7008
_d
7008